AH International Schools' Libraries

You can't win them all, rainbow fish / (Record no. 49570)

MARC details
000 -LEADER
fixed length control field 00274nam a2200097 4500
100 ## - MAIN ENTRY--PERSONAL NAME
Personal name Pfister, Marcus
245 ## - TITLE STATEMENT
Title You can't win them all, rainbow fish /
Statement of responsibility, etc Marcus Pfister
260 ## - PUBLICATION, DISTRIBUTION, ETC. (IMPRINT)
Place of publication, distribution, etc New York
Name of publisher, distributor, etc North South
Date of publication, distribution, etc 2017
300 ## - PHYSICAL DESCRIPTION
Extent unpaged.
Other physical details col. ill.
Dimensions BIG BOOK
942 ## - ADDED ENTRY ELEMENTS (KOHA)
Source of classification or shelving scheme
Koha item type Book
Holdings
Withdrawn status Lost status Source of classification or shelving scheme Damaged status Not for loan Collection code Home library Current library Shelving location Date acquired Total Checkouts Full call number Barcode Date last seen Date checked out Price effective from Koha item type Public note
          TEACHERS' RESOURCES Asian Hope Early Years Library Asian Hope Early Years Library Easy Reading 09/15/2025 1 E PFI 209301 02/02/2026 01/26/2026 09/15/2025 Book BIG BOOK

For any Logos Library related questions please contact Miss Art at swongnarasuk@asianhope.org.

For any Asian Hope Library related questions please contact Miss Raza at graza@asianhope.org.

Powered by Koha